| Tag |
First Indicator |
Second Indicator |
Subfields |
| LEADER |
00000cam a2200000 a 4500 |
| 001 |
in00000851021 |
| 005 |
20151019060258.0 |
| 008 |
840820s1984 dcubk s f00110 eng d |
| 010 |
|
|
|a gp 84021827
|
| 020 |
|
|
|c $7.00
|
| 035 |
|
|
|a (OCoLC)11098293
|
| 035 |
|
|
|9 AEB4127AM
|
| 040 |
|
|
|a GPO
|c GPO
|d UtOrBLW
|
| 043 |
|
|
|a nwpr---
|
| 074 |
|
|
|a 152-A-38
|
| 086 |
0 |
|
|a C 3.31/4:982/v.1/pt.52
|
| 088 |
|
|
|a AC 82-A-52
|
| 130 |
0 |
|
|a Census of agriculture (1982)
|
| 245 |
1 |
0 |
|a 1982 census of agriculture.
|n Volume 1,
|p Geographic area series.
|n Part 52,
|p Puerto Rico.
|
| 264 |
|
1 |
|a Washington, D.C. :
|b U.S. Dept. of Commerce, Bureau of the Census :
|c 1984.
|
| 264 |
|
2 |
|a Washington, D.C. :
|b For sale by Supt. of Docs., U.S. G.P.O.,
|
| 300 |
|
|
|a 233 pages in various pagings :
|b 2 forms, 1 map ;
|c 28 cm.
|
| 336 |
|
|
|a text
|b txt
|2 rdacontent
|
| 337 |
|
|
|a unmediated
|b n
|2 rdamedia
|
| 338 |
|
|
|a volume
|b nc
|2 rdacarrier
|
| 500 |
|
|
|a "Issued July 1984."
|
| 500 |
|
|
|a Includes index.
|
| 500 |
|
|
|a "AC82-A-52."
|
| 650 |
|
0 |
|a Agriculture
|z Puerto Rico
|x Statistics.
|
| 710 |
1 |
|
|a United States.
|b Bureau of the Census.
|
| 740 |
0 |
|
|a Geographic area series, Puerto Rico.
|
| 740 |
0 |
|
|a Puerto Rico.
|
| 999 |
|
|
|a MARS
|
| 999 |
f |
f |
|s 53ee460c-69e0-3167-aaca-f891ee48320d
|i 1c49dc06-a44b-3cdd-a75f-736ac38d790f
|t 0
|
| 952 |
f |
f |
|p noncirc
|a Texas A&M University
|b College Station
|c Sterling C. Evans Library
|d Evans: US Documents (Annex 5th floor)
|t 0
|e C 3.31/4:982/v.1/pt.52-54
|h Superintendent of Documents classification
|i unmediated -- volume
|m A14832399254
|
| 952 |
f |
f |
|a Texas A&M University
|b College Station
|c Sterling C. Evans Library
|d Evans: US Documents (Annex 5th floor)
|t 0
|e C 3.31/4:982/v.1/pt.52-54
|h Superintendent of Documents classification
|
| 998 |
f |
f |
|a C 3.31/4:982/v.1/pt.52-54
|t 0
|l Evans: US Documents (Annex 5th floor)
|